Discours et rapports a la convention

Na minha lista:
Detalhes bibliográficos
Autor principal: Robespierre, Maximilien (Author)
Formato: Livro
Idioma:francês
Publicado em: París Union Generale d'Editions 1965
Colecção:La collection des grands texts
Assuntos:
Tags: Adicionar Tag
Sem tags, seja o primeiro a adicionar uma tag!

MARC

LEADER 00000nam a2200000 a 4500
001 UCV9458
003 CL-VaPUC
008 921008e19650000FR |||||||||||||||||fre|d
082 0 4 |a 845  |b ROB  |2 21 
100 |a Robespierre, Maximilien  |e author  |9 268182 
245 1 0 |a Discours et rapports a la convention 
300 |a 312 p 
942 |c BK 
945 |d 19921008 00:00:00 
260 |a París  |b Union Generale d'Editions  |c 1965 
600 0 |a Robespierre, Maximilien  |9 268182 
650 0 |a Discursos   |9 265028 
583 |a last modification  |c 19921008 00:00:00  |k Rodrigo Vera 
490 0 |a La collection des grands texts 
999 |c 214788  |d 214786 
952 |0 0  |1 0  |4 0  |6 845_000000000000000_ROB_1965  |7 0  |8 P  |9 198503  |a BIBARQ  |b BIBARQ  |d 2019-11-14  |i 2659697  |o 845 ROB 1965  |p 2659697  |r 2025-01-20  |w 2019-11-14  |y BK  |k ARQ